| 000 | 01516nam a22001457a 4500 | ||
|---|---|---|---|
| 999 |
_c533243 _d533243 |
||
| 008 | 260430b ||||| |||| 00| 0 eng d | ||
| 100 |
_aBagchi, Soumendra Narain and Sharma, Rajeev _960362 |
||
| 245 | _aRethinking security paradigms in the face of external backlash: A case study in private security | ||
| 260 | _aVikalpa: The Journal for Decision Makers | ||
| 300 | _a51(1), Jan-Mar, 2026: p.25-38 | ||
| 520 | _aSecurity of premises, assets and personnel form an essential requirement for commercial organisations. Lack of security impacts beyond the bottom-line, signalling a joint failure of organisation’s leadership and public governance, attracting more crime. The overloaded government’s police force can hardly dedicate resources to specific businesses. Private security firms, while offering a way out, create legal and socio-political challenges when, in line of duty, they resort to the use of firearms. In this article we research a manufacturing firm whose different security paradigm offers a rare insight into the hitherto relatively unexplored world of industrial security in an Indian context.-Reproduced https://journals.sagepub.com/doi/full/10.1177/02560909241292137?_gl=1*v7x4sd*_up*MQ..*_ga*NzUxNjcyODAyLjE3Nzc1 NDAxMjU.*_ga_60R758KFDG*czE3Nzc1NDAxMjUkbzEk ZzEkd DE3Nzc1NDAxNDAkajQ1JGwwJGgzNTU2NjEzMjE. | ||
| 650 |
_aIndustrial security, Psychological, Deterrence, Attack dogs, Security paradigm _960363 |
||
| 773 | _aVikalpa: The Journal for Decision Makers | ||
| 942 | _cAR | ||